|
|
|
|
| LEADER |
00909nab a2200217 i 4500 |
| 001 |
misc28014 |
| 005 |
20191111110246.0 |
| 008 |
170929s1990 hu o 0|| zxx d |
| 040 |
|
|
|a SZTE Miscellanea Repozitórium
|b hun
|
| 041 |
|
|
|a zxx
|
| 100 |
1 |
|
|a Partanen Tuula
|
| 245 |
1 |
0 |
|a Electron impact and chemical ionization mass spectra of norbornane/ene di-exo and di-endo-fused 1,3-oxazin-2(1H)-ones and 1,3-oxazine-2(1H)-thiones
|h [elektronikus dokumentum] /
|c Partanen Tuula
|
| 260 |
|
|
|c 1990
|
| 300 |
|
|
|a 615-619
|
| 490 |
0 |
|
|a Kolligátum
|
| 695 |
|
|
|a Tömegspektrometria - szerves vegyületek, Heterociklusos vegyületek - szintézis, Szerves kémia - reakciómechanizmus, Sztereokémia
|
| 700 |
0 |
1 |
|a Vainiotalo Pirjo
|e aut
|
| 700 |
0 |
1 |
|a Stájer Géza
|e aut
|
| 700 |
0 |
1 |
|a Bernáth Gábor
|e aut
|
| 700 |
0 |
1 |
|a Pihlaja Kalevi
|e aut
|
| 856 |
4 |
0 |
|u http://misc.bibl.u-szeged.hu/28014/1/018_019_504-508.pdf
|z Dokumentum-elérés
|